[Event "Jalgaon op"]
[Site "Jalgaon"]
[Date "2010.11.24"]
[Round "2"]
[White "Thejkumar, MS."]
[Black "Verma, Rahul"]
[Result "1-0"]
[WhiteElo "2435"]
[BlackElo "1888"]
[PlyCount "77"]
[EventDate "2010.11.23"]
[EventType "swiss"]
[EventRounds "11"]
[EventCountry "IND"]
[SourceTitle "CBM 139 Extra"]
[Source "ChessBase"]
[SourceDate "2011.01.05"]
[SourceVersion "1"]
[SourceVersionDate "2011.01.05"]
[SourceQuality "1"]

1. d4 Nf6 2. Nf3 e6 3. c4 c5 4. d5 b5 5. Bg5 exd5 6. cxd5 d6 7. e3 a6 8. a4 b4 9. Nbd2 Be7 10. Nc4 Bb7 11. Bxf6 Bxf6 12. h4 Qe7 13. g4 h6 14. Rg1 g6 15. h5 g5 16. Bd3 Nd7 17. Bf5 0-0-0 18. Qd3 Kc7 19. Bxd7 Rxd7 20. Nfd2 Re8 21. 0-0-0 Bg7 22. f3 Qf6 23. Rgf1 Rde7 24. Ne4 Rxe4 25. fxe4 Qe7 26. Rf5 f6 27. e5 fxe5 28. Rdf1 Qd7 29. Rf7 Re7 30. Rxe7 Qxe7 31. e4 Bc8 32. Qf3 Bd7 33. Qf7 Kd8 34. Qg8+ Be8 35. Nxd6 Qxd6 36. Qxg7 c4 37. Qf6+ Qe7 38. Qb6+ Kd7 39. Rf6 1-0